| 000 | 01354nam0a2200301 4500 | ||
|---|---|---|---|
| 001 | RU\NLR\BIBL_A\011426874 | ||
| 005 | 20260406154128.0 | ||
| 035 | _a(NLR Aleph) 011426874 | ||
| 090 |
_a11632173 _c11632173 |
||
| 100 | _a20170627d1986 |||y0rusy50 ca | ||
| 101 | 0 |
_arus _aeng |
|
| 102 | _aRU | ||
| 105 | _aa|||j|||000zy | ||
| 200 | 1 |
_aАнглийский язык _eкурс для начинающих |
|
| 210 |
_aМосква _cВысшая школа _d1986 |
||
| 215 |
_a511, [1] с. _cил. _d21 |
||
| 300 | _aПер. англ.: English course book for beginners / N.A. Bonk, I.I. Levina | ||
| 512 | 1 |
_6z33790 _aEnglish course book for beginners _zeng |
|
| 686 | 1 | _aШ143.21-93рус3 | |
| 700 | 1 |
_8rus _7ca _aБонк _bН. А. _f1924-2020 _gНаталья Александровна _3RU\NLR\AUTH\776835 _9116782 |
|
| 701 | 1 |
_8rus _7ca _aЛевина _bИ. И. _cканд. филол. наук _gИзадора Ильинична _3RU\NLR\AUTH\7748819 _931754 |
|
| 790 | 1 |
_7ba _8rus _aBonk _bN. A. _f1924-2020 _gNatal'ja Aleksandrovna _9175235 _3RU\NLR\AUTH\770175286 |
|
| 790 | 1 |
_7ba _8rus _aLevina _bI. I. _cканд. филол. наук _gIzadora Il'inična _9175237 _3RU\NLR\AUTH\770175288 |
|
| 852 |
_aNLR _j86-3/4150 |
||
| 942 | _cBOOK | ||
| 980 | _aNB | ||